000 00857nam a2200181Ia 4500
008 090630s9999 xx 000 0 und d
082 _b14934
100 _aशिंदे प्र. स.
245 _aवास्तू स्थापत्य शिल्पाचा व्यवसाय.
_cशिंदे प्र. स.
260 _bमहाराष्ट्र विद्यापीठ ग्रंथनिर्मिती मंडळ - नागपूर.
_c1975
300 _a270
600 _aशिंदे प्र. स.
630 _aवास्तू स्थापत्य शिल्पाचा व्यवसाय.
655 _aइतर.
700 _aशिंदे प्र. स.
730 _aवास्तू स्थापत्य शिल्पाचा व्यवसाय.
942 _cBOOK
999 _c266790
_d266790